El Socialismo y la economía mundial /
Պահպանված է:
| Հիմնական հեղինակ: | |
|---|---|
| Ձևաչափ: | Տեքստ |
| Ցուցիչներ: |
Ավելացրեք ցուցիչ
Չկան պիտակներ, Եղեք առաջինը, ով նշում է այս գրառումը!
|
MARC
| LEADER | 00000 a a2200000 04500 | ||
|---|---|---|---|
| 001 | 3166 | ||
| 003 | |||
| 040 | |||
| 100 | |a Schmeliov, Nicolai | ||
| 245 | |a El Socialismo y la economía mundial / |c Nicolai Schmeliov | ||
| 773 | |g número 2; páginas 132-150 | ||
| 999 | |c 25996 |d 25996 | ||
